The 21 Savage quiz - Statistics

General Stats
  • This quiz has been taken 106 times
  • The average score is 8 of 12
Answer Stats
Question Answer % Correct
In which famous rap city did 21 savage grew up? Atlanta
94%
Prior to that, in what country was he born ? England
94%
What is the name of his first collaborative album with Metroboomin, released in 2016? Savage Mode
89%
What song from "Issa Album" made him blew up? Bank Account
85%
Which single from "American Dream" had his music video made in the UK? Redrum
80%
What's the name of his album released in 2018? i am > i was
72%
What is the name of the incredible collaborative mixtape with offset and metro, released in 2017? Without Warning
67%
What does the tattoo on his forehead represent? A knife
56%
Which famous actor made the interludes for the second opus of this collaboration, released in 2020? Morgan Freeman
53%
Which locked up friend and rapper did 21 savage referenced in his new album released in 2024 Young Thug
49%
Who are the 2 rappers he carried on "Knife Talk"? Drake and Project Pat
46%
What is on the cover of this project? A barking dog
31%
No matching quizzes found
Score Distribution
Percent of People with Each Score
Percentile by Number Answered
Your Score History
You have not taken this quiz